| 000 | 00737nam a2200253Ia 4500 | ||
|---|---|---|---|
| 003 | OSt | ||
| 005 | 20220928101706.0 | ||
| 006 | a|||||r|||| 00| 0 | ||
| 007 | ta | ||
| 008 | 220927b |||||||| |||| 00| 0 hin d | ||
| 020 | _cINR 695.00 | ||
| 024 | _a144291 | ||
| 037 |
_bGV252, 13/03/2021, Vani Prakashan _cTextual |
||
| 040 |
_aSDCL _cSDCL _bhin |
||
| 041 |
_2hin _ahin |
||
| 082 | _aO152,6N40x, Q7 | ||
| 100 |
_aSingh Vijay Bahadur _9393763 |
||
| 245 | 0 | _aVah maniyara sap | |
| 260 |
_aNew Delhi _bVani Prakashan _c2017 |
||
| 300 |
_a11-264p. _ccm. |
||
| 650 |
_aHindi _9391598 |
||
| 942 |
_hO152,6N40x, Q7 _cTEXL _2CC |
||
| 999 |
_c709339 _d709339 |
||